000 00734cab a2200241 4500
001 WB2715-02
008 090401t1991 xxu||||| |||| 00| 0 eng d
035 _a(Sirsi) u56647
041 _aeng
245 _aDeterioration of mundic houses
260 _c1991
350 _a0
490 _aBRE News of Construction Research
_vApril 1991 p1
520 _aThe BRE is carrying out an investigation on mundic housing in Cornwall to try and establish the cause of damage, and enable a viable test method to be devised.
650 _aAGGREGATES
650 _aIRON PYRITES
650 _aMUNDIC BLOCK
650 _aPETROGRAPHIC ANALYSIS
650 _aTESTING
690 _aBUILT ENVIRONMENT
942 _n0
948 _c04/03/1997
999 _c34568
_d34568